Principles of marketing/ (Record no. 92689)

MARC details
000 -LEADER
fixed length control field 00858nam a22002297a 4500
005 - DATE AND TIME OF LATEST TRANSACTION
control field 20150401160225.0
010 ## - LCCN (DPL NO)
LC control number B-593934
020 ## - INTERNATIONAL STANDARD BOOK NUMBER
Terms of availability 310.00
International Standard Book Number 9789380674575
035 ## - SYSTEM CONTROL NUMBER
System control number B-593934
037 ## - SOURCE OF ACQUISITION
Source of stock number/acquisition UBH
082 ## - DEWEY DECIMAL CLASSIFICATION NUMBER
Classification number 658.8
100 ## - MAIN ENTRY--PERSONAL NAME
Personal name Chhabra, T. N.
245 ## - TITLE STATEMENT
Title Principles of marketing/
Statement of responsibility, etc by T. N. Chhabra
250 ## - EDITION STATEMENT
Edition statement 3rd rev. ed
260 ## - PUBLICATION, DISTRIBUTION, ETC. (IMPRINT)
Place of publication, distribution, etc New Delhi
Name of publisher, distributor, etc Sun India Publications
Date of publication, distribution, etc 2014
270 ## - ADDRESS
Address 4382/4B, Ist floor, Murari Lal Street, Ansari Road
City New Delhi
Postal code 110002
300 ## - PHYSICAL DESCRIPTION
Extent vp.
Dimensions 24cm(pbk)
500 ## - GENERAL NOTE
General note Includes index
500 ## - GENERAL NOTE
General note For November 2014 exam. of B.Com(Hons.), Sem-III of University of Delhi)
942 ## - ADDED ENTRY ELEMENTS (KOHA)
Source of classification or shelving scheme Dewey Decimal Classification
Item type English Books
Call number suffix CHH
Classification part 658.8
Holdings
Withdrawn status Lost status Not for loan Collection code Home library Current library Date acquired Source of acquisition Cost, normal purchase price Full call number Barcode Copy number Cost, replacement price Koha item type
      Non-fiction Sarojini Nagar Sarojini Nagar 01/04/2015 UBH/269/26.2.15/DPL/ZLS/RP/2014-15/4/64/19.2.15/10.3.15 310.00 658.8 CHH B-593934 1 658.80 English Books

© Delhi Public Library
Hit Counter
free hit counter